00553nam a2200205 a 4500001001300000003000900013005001700022008004100039020002500080082001700105100001500122245005100137260003300188300000900221500003500230505001000265650004000275650001700315700001500332nice12345678IN_TiNIC20260116013158.0050524s1994 newa grp 000 0 eng  a0883443 c857.500a241.697bDEA aDear, John aGod of Peace, Toward a Theology on Nonviolence aNew YorkbOrbis Books c1994 a212p aincludes index and biblioraphy2 aIndex aPeace-Religious Aspect-Christianity aNon-Violence1 aDear, John